El estudiante /

Un hombre jubilado que entra a la universidad a estudiar Literatura enfrenta y supera diversos prejuicios de sus jóvenes compañeros y de su familia sobre la edad madura. El rechazo y burla de quienes lo rodean se torna en apoyo mutuo y amistades entrañables. Primer largometraje realizado por Roberto...

Olles dieđut

Furkejuvvon:
Bibliográfalaš dieđut
Váldodahkki: Girault, Roberto (realización)
Eará dahkkit: Girault, Roberto (guión) (guión), Núñez Orellana, Olivia (guión) (guión), Amat, Gonzalo (fotógrafo) (fotógrafo), Girault, Roberto (montaje) (montaje), Villegas Brown, Ariana (montaje) (montaje), Langarica, Juan Manuel (música) (música), Lavat, Jorge (actuación) (actuación), Lazareno, Norma (actuación) (actuación), Melikian, Siouzana (actuación) (actuación)
Materiálatiipa: Dia
Giella:espánnjágiella
Fáttát:
Fáddágilkorat: Lasit fáddágilkoriid
Eai fáddágilkorat, Lasit vuosttaš fáddágilkora!

MARC

LEADER 00000ngm^a2200000^a^4500
001 000311854
005 20250521000000.0
009 20260310113058.332
037 |a Acervo ITESO - Biblioteca 
041 |a ESP 
082 |a 860.  |b GIR 
100 |a Girault, Roberto  |e (realización) 
245 1 3 |a El estudiante /  |c Realización de R. Girault. 
264 2 |a México :  |b Quality Films [distribución],  |c 2009, c2009 
300 |a 1 DVD regiones 1 y 4  |c (96 min.) 
336 |a imagen móvil bidimensional  |b tdi  |2 rdacontenido 
337 |a video  |b v  |2 rdamedio 
338 |a videodisco  |b vd  |2 rdasoporte 
520 |a Un hombre jubilado que entra a la universidad a estudiar Literatura enfrenta y supera diversos prejuicios de sus jóvenes compañeros y de su familia sobre la edad madura. El rechazo y burla de quienes lo rodean se torna en apoyo mutuo y amistades entrañables. Primer largometraje realizado por Roberto Girault y penúltimo de su actor protagonista Jorge Lavat (1933-2011), que alcanzó un sorpresivo éxito de taquilla en México. 
649 |a XX 
650 |a Ancianos en el Cine 
650 |a Ancianos -  |z México -  |x Condiciones Sociales y Culturales 
650 |a Estudiantes en el Cine 
650 |a Melodramas 
650 |a Dramas Cinematográficos 
650 |a Opera Prima 
650 |a Cine Mexicano -  |y 2000-2009 
650 |a Cine Mexicano -  |y Siglo XXI 
650 |a Literatura y Cine 
650 |a Amistad 
650 |a Prejuicio 
650 |a Generación (Demografía) 
650 |a Superación Personal y Autoayuda -  |x Tema Principal 
650 |a Guanajuato (Ciudad) en el Cine 
700 |a Girault, Roberto  |e (guión) 
700 |a Núñez Orellana, Olivia  |e (guión) 
700 |a Amat, Gonzalo  |e (fotógrafo) 
700 |a Girault, Roberto  |e (montaje) 
700 |a Villegas Brown, Ariana  |e (montaje) 
700 |a Langarica, Juan Manuel  |e (música) 
700 |a Lavat, Jorge  |e (actuación) 
700 |a Lazareno, Norma  |e (actuación) 
700 |a Melikian, Siouzana  |e (actuación) 
910 |a Fondo General 
920 |a Audiovisuales - DVDs 
940 |a Películas 
905 |a 302 
901 |a 0500204124  |b IT2  |c DVS  |i C123473  |u 20250521 
902 |a https://opac.biblio.iteso.mx/vufind/Record/000311854